Vyhliadky a faktory obchodu v Afrike
Súčasná situácia obchodných aktivít medzi EÚ a Afrikou a identifikácia investičných možností v Afrike pre krajiny EÚ. Export z Afriky do ostatného sveta sa zúžil na primárne komodity dominantne ropa, minerálií a ostatne produkty z kovov.
Uložené v:
| Hlavný autor: | |
|---|---|
| Médium: | Kapitola |
| Jazyk: | Slovak |
| Predmet: | |
| Tagy: |
Žiadne tagy, Buďte prvý, kto otaguje tento záznam!
|
MARC
| LEADER | 00000nla a2200000 4500 | ||
|---|---|---|---|
| 001 | 0241273 | ||
| 005 | 20240502073927.8 | ||
| 041 | 0 | |a slo | |
| 044 | |a SK | ||
| 245 | 1 | 0 | |a Vyhliadky a faktory obchodu v Afrike |c Jozef Čerňák |
| 520 | |a Súčasná situácia obchodných aktivít medzi EÚ a Afrikou a identifikácia investičných možností v Afrike pre krajiny EÚ. Export z Afriky do ostatného sveta sa zúžil na primárne komodity dominantne ropa, minerálií a ostatne produkty z kovov. | ||
| 610 | 2 | 0 | |a obchod medzinárodný |
| 610 | 2 | 0 | |a vývoz |
| 610 | 2 | 0 | |a dovoz |
| 610 | 2 | 0 | |a investície |
| 610 | 2 | 0 | |a komodity |
| 610 | 2 | 0 | |a suroviny |
| 610 | 2 | 0 | |a dohody medzinárodné |
| 610 | 2 | 0 | |a Afrika |
| 610 | 2 | 0 | |a Európska únia |
| 100 | 1 | |a Čerňák, Jozef, 1963- | |